Hiện đại hóa và hậu hiện đại hóa : (Sách tham khảo)

Đã lưu trong:
書目詳細資料
主要作者: Inglehart, Ronald
格式: 圖書
出版: Chính trị quốc gia 2008
標簽: 添加標簽
沒有標簽, 成為第一個標記此記錄!
Thư viện lưu trữ: Mạng thư viện Đại học Đà Nẵng
LEADER 00598nam a2200229 a 4500
001 000028996
003 33114
005 20171030145630.0
008 171030s2008
020 |c 110000 
040 |a LTT 
082 0 |a 303.44  |b IN-R 
100 1 |a Inglehart, Ronald 
245 0 0 |a Hiện đại hóa và hậu hiện đại hóa : (Sách tham khảo)  |c Ronald Inglehart. 
260 |b Chính trị quốc gia  |c 2008 
OWN |a LTT 
999 |a From the UDN01 
TYP |a Monograph 
TYP |a Printed language 
980 |a Mạng thư viện Đại học Đà Nẵng